000 01733cam a2200505 4500
999 _c80195
_d80195
001 519153898
003 DE-627
005 20201130082640.0
007 tu
008 061025s2006 bw ||||| 00| ||bel c
020 _a9850106395
024 3 _a9789850106391
035 _a(DE-627)519153898
035 _a(DE-576)264468759
035 _a(DE-599)GBV519153898
035 _a(OCoLC)162266408
035 _a(OCoLC)162266408
040 _aDE-627
_bger
_cDE-627
_erakwb
_dStAFF
041 _abel
_arus
_aeng
044 _cXA-BY
084 _a9,10
_a9,11
_2ssgn
084 _aAP 95540
_2rvk
_0(DE-625)rvk/8174:
084 _a74.19
_2bkl
245 1 0 _aVicebsk
_bfotaal'bom = Vitebsk
_c[Aŭtar ustupnaha artykula I. A. Abramava. Skladal'nik A. R. Vyška. Fota U. S. Bazana ...]
246 3 1 _aVitebsk
246 3 3 _aVitebsk
264 1 _aMinsk
_b"Belarusʹ"
_c2006
300 _a182 S.
_büberwiegend Ill.
336 _aunbewegtes Bild
_bsti
_2rdacontent
337 _aohne Hilfsmittel zu benutzen
_bn
_2rdamedia
338 _aBand
_bnc
_2rdacarrier
500 _aText engl., beloruss. und russ. in kyrill. Schr
546 _aÜberwiegend in kyrill. Schr., weißruss.
655 7 _aBildband
_0(DE-588)4145395-5
_0(DE-627)104450835
_0(DE-576)209741139
_2gnd-content
951 _aBO
700 1 _aAbramava, I.A.
_4oth
700 1 _aBazan, U.S.
_4oth
700 1 _aVyška, A.R.
_4oth
700 1 _aAbramava, I. A.
_4oth
700 1 _aBazana, U. S.
_eIll.
_4ill
856 4 2 _uhttp://bvbr.bib-bvb.de:8991/F?func=service&doc_library=BVB01&doc_number=015414270&line_number=0001&func_code=DB_RECORDS&service_type=MEDIA
_mV:DE-604
_qapplication/pdf
_3Inhaltsverzeichnis
936 b k _a74.19
942 _2z
_cB